Films Featuring Spider-Man - Statistics

General Stats
  • This quiz has been taken 39 times
  • The average score is 15 of 24
Answer Stats
Film Type Year Answer % Correct
Sony Films 2002 Spider-Man
100%
TV Films 1977 Spider-Man
100%
Other Films 1978 Spider-Man
100%
Sony Films 2004 Spider-Man 2
97%
Sony Films 2007 Spider-Man 3
97%
MCU Films 2017 Spider-Man: Homecoming
97%
MCU Films 2019 Spider-Man: Far From Home
94%
MCU Films 2019 Avengers: Endgame
91%
MCU Films 2018 Avengers: Infinity War
91%
MCU Films 2016 Captain America: Civil War
91%
MCU Films 2021 Spider-Man: No Way Home
91%
Sony Films 2012 The Amazing Spider-Man
91%
Sony Films 2014 The Amazing Spider-Man 2
88%
Sony Films 2018 Spider-Man: Into the Spider-Verse
76%
Sony Films 2021 Venom: Let There Be Carnage
61%
Sony Films 2023 Spider-Man: Across the Spider-Verse
58%
Sony Films 2024 Madame Web
48%
Other Films 2010 Marvel Super Heroes 4D
9%
TV Films 2013 Phineas and Ferb: Mission Marvel
9%
TV Films 1978 Spider-Man Strikes Back
9%
TV Films 1981 Spider-Man: The Dragon's Challenge
9%
Short Films 2019 Peter's To-Do List
6%
Short Films 2019 Spider-Ham: Caught in a Ham
6%
Short Films 2023 The Spider Within: A Spider-Verse Story
6%
No matching quizzes found
Score Distribution
Percent of People with Each Score
Percentile by Number Answered
Your Score History
You have not taken this quiz